| 000 | 01567nam a2200349 i 4500 | ||
|---|---|---|---|
| 999 |
_c7823 _d7823 |
||
| 001 | 991060982776206706 | ||
| 003 | OSt | ||
| 005 | 20231205111551.0 | ||
| 008 | 230524e202302 spc|||| |||| 0|0 0dcat| | ||
| 015 |
_aLL2023 _2bnc |
||
| 017 |
_aDL B 6855-2023 _bBiblioteca de Catalunya |
||
| 020 | _a9788412616125 | ||
| 040 |
_aES-BaBC _bcat _erda _cCDMR |
||
| 041 | 0 |
_acat _aspa |
|
| 043 |
_ae-sp--- _be-spcba _2catmarc |
||
| 080 |
_a654.191 _x(460.23 Ba Hospitalet de Llobregat) _x(091) _22004 |
||
| 080 |
_a654.195 _x(460.23 Ba Hospitalet de Llobregat) _x(091) _22004 |
||
| 100 | 1 | _aBerbel, Lluís, | |
| 245 | 1 | 0 |
_aRàdio L'Hospitalet : la comunicació perduda : _bl'emissora que l'Ajuntament va obrir fa 40 anys i va tancar fa una dècada, com si fos seva / _cLluís Berbel ...[et al.] |
| 264 | 1 |
_aL'Hospitalet : _bFoment de la Informació Crítica, _c2023 |
|
| 300 |
_a144 pàgines : _bil·lustracions en color ; _c22 cm |
||
| 500 | _aInclou codis QR amb accés a contingut addicional | ||
| 505 | _aConté aportacions de: Lluís Berbel, Ildefonso Cabrera, Enrique Conde, Antoni Garcia Araus, Manolo Garrido, Carmen Juan, Fulgencio López, Álex Salmon, Marga Solé, Jesús A. Vila | ||
| 546 | _aText en català i castellà | ||
| 610 | 2 | 7 |
_aRadio L'Hospitalet _xHistòria. _2lemac |
| 650 | 7 |
_aRadioemissores _zCatalunya _zHospitalet de Llobregat _xHistòria. _2lemac |
|
| 650 | 7 |
_aRadiodifusió _zCatalunya _zHospitalet de Llobregat _xHistòria. _2lemac |
|
| 710 | 2 | _aAssociació Foment de la Informació Crítica. | |
| 908 | _aBC | ||
| 940 | _aBC | ||
| 942 |
_2udc _cMON |
||